000 00291 a2200145 4500
001 112570
041 _apor
090 _aLAPTOP LENOVO 01
245 1 0 _aLaptop Lenovo
250 _a. ed.
300 _a1 laptop
040 _aBR-BrIDEA
_cBR-BrIDEA
260 _a[S.l.]
_c2018
942 _cDE
999 _c112570
_d112570